Praveký človek - tvorca krásy (Galéria skalného umenia v ZSSR)

Bibliographic Details
Main Author: Kšica, Miroslav (Author)
Format: Article
Language:Slovak
Subjects:

MARC

LEADER 00000nab a2200000 a 4500
001 vtls000061268
003 SK-MaSNL
005 20260304033136.0
008 111103c1980 xo 0 slo
015 |a SNBRB19rr/mm-uuuuu 
035 |a CL0071368 
040 |a SNKBUCL  |b slo  |c SNKBUCL  |e AACR2 
041 0 |a slo 
044 |a xo  |c SK 
080 |a 903  |2 1981 
080 |a 736  |2 1981 
100 1 |a Kšica, Miroslav  |4 aut  |9 421165 
245 1 0 |a Praveký človek - tvorca krásy  |b (Galéria skalného umenia v ZSSR)  |c Miroslav Kšica 
300 |b Obr. 4. 
650 0 7 |a výtvarné umenie  |2 snkbucl  |9 723 
650 0 7 |a rytiny  |2 snkbucl  |9 3153 
655 7 |a články z novín a časopisov  |2 snkbucl  |9 267496 
773 0 |t Výtvarníctvo fotografia film  |g Roč. 18, č. 5 (1980), s. 98-100 
850 |a Slovenská národná knižnica v Martine  |a MTA001 
852 |a SNK  |b KIS3GCP 
958 |a RK 
992 |a RBX 
999 |c 2646921  |d 2648851